| 000 | 00596nam a22001937a 4500 | ||
|---|---|---|---|
| 005 | 20141210120200.0 | ||
| 008 | 141210b xxu||||| |||| 00| 0 eng d | ||
| 020 |
_a9789381136027 _c620.00 |
||
| 040 | _aLoreto College | ||
| 082 |
_a330.95414 _bDUT |
||
| 100 | _aDutta,Sukanya | ||
| 245 |
_aEconomic history of Bengal under great depression _b(1929-37) _cSukanya Dutta |
||
| 260 |
_aDelhi _bAbhijeet Publications _c2011 |
||
| 300 |
_avii,174p _b22cm |
||
| 504 | _aIncludes bibliographical references and index | ||
| 650 | _aBengal-1929-1937-Economic condition | ||
| 850 | _aLCLIB | ||
| 942 | _cBK | ||
| 999 |
_c39690 _d90169 |
||